| 000 | 00802nam a22001575i 4500 | ||
|---|---|---|---|
| 001 | 171126 | ||
| 003 | ES-MaACL | ||
| 005 | 20230906214539.0 | ||
| 008 | 090429s1866 sp |||| | spa d | ||
| 100 | 1 |
_aCoupigny, Juan de ( _d1828-1890) _9139985 |
|
| 245 | 1 | 3 |
_aLa paja en el ojo ageno _b: comedia en tres actos y en verso / _coriginal de Juan de Coupigny. |
| 260 |
_aMadrid : _b[s.n.], _c1866 ( _fImp. de José Rodríguez) |
||
| 300 |
_a87 p. ; _c18 cm. |
||
| 500 | _aEn port.: Representada por primera vez en el teatro del Circo, el día 12 de mayo de 1866. | ||
| 852 |
_aES-MaACL _jF-8587(8) _z. - Enc. pasta española _q- Falto de la cub. original _z- Enc. en un vol. facticio formando parte de la col. facticia "Teatro español moderno", vol. 40 _z.- Dedicatoria manuscrita del autor a Fidel López |
||
| 999 |
_c171126 _d171126 |
||